000 01482nam a2200349 a 4500
001 ebr10734617
003 CaPaEBR
006 m o u
007 cr cn|||||||||
008 130802s2013 gw a sb 001 0 eng d
020 _z9783527411313
020 _z9783527650996 (e-book)
040 _aCaPaEBR
_cCaPaEBR
035 _a(OCoLC)857080183
050 1 4 _aTK7871
_b.O74 2013eb
082 0 4 _a621.381
_223
245 0 0 _aOrganic electronics
_h[electronic resource]
_bemerging concepts and technologies /
_cedited by Fabio Cicoira and Clara Santato.
260 _aWeinheim an der Bergstrasse, Germany :
_bWiley-VCH,
_cc2013.
300 _a1 online resource (xviii, 443 p.) :
_bill.
504 _aIncludes bibliographical references at the end of each chapters and index.
533 _aElectronic reproduction.
_bPalo Alto, Calif. :
_cebrary,
_d2013.
_nAvailable via World Wide Web.
_nAccess may be limited to ebrary affiliated libraries.
588 _aDescription based on online resource; title from title page (ebrary, viewed August 2, 2013).
650 0 _aElectronics
_xMaterials.
650 0 _aOrganic electronics.
650 0 _aPrinted circuits.
655 7 _aElectronic books.
_2local
700 1 _aCicoira, F.
_q(Fabio)
700 1 _aSantato, Clara.
710 2 _aebrary, Inc.
856 4 0 _uhttp://site.ebrary.com/lib/rucke/Doc?id=10734617
_zAn electronic book accessible through the World Wide Web; click to view
922 _aInnodata Original LCSH LCC DDC
999 _c36870
_d36870